000
00316nam a2200133Ia 4500
005
20260328104251.0
008
260328s9999||||xx |||||||||||||| ||und||
100
_a
Krier, Rob
245
0
_a
El Espacio Urbano /
_c
Rob Krier
250
_a
Original
260
_b
Gustavo Gili
650
_a
DISEÑO URBANO
942
_c
BK
999
_c
10240
_d
10240